The pursuit of holiness / (Record no. 3547)
[ view plain ]
| 000 -LEADER | |
|---|---|
| fixed length control field | 01574cam a2200397 i 4500 |
| 001 - CONTROL NUMBER | |
| control field | 455177 |
| 003 - CONTROL NUMBER IDENTIFIER | |
| control field | GBCCL |
| 005 - DATE AND TIME OF LATEST TRANSACTION | |
| control field | 20241126110457.0 |
| 008 - FIXED-LENGTH DATA ELEMENTS--GENERAL INFORMATION | |
| fixed length control field | 790213s1978 cou b 000 0 eng |
| 010 ## - | |
| -- | 78018109 |
| 020 ## - INTERNATIONAL STANDARD BOOK NUMBER | |
| International Standard Book Number | 089109430X |
| 020 ## - INTERNATIONAL STANDARD BOOK NUMBER | |
| International Standard Book Number | 9780891094302 |
| 029 1# - | |
| -- | AU@ |
| -- | 000001366233 |
| 029 1# - | |
| -- | NZ1 |
| -- | 3775992 |
| 035 ## - SYSTEM CONTROL NUMBER | |
| System control number | (OCoLC)ocm04835391 |
| 035 ## - SYSTEM CONTROL NUMBER | |
| System control number | (OCoLC)4835391 |
| 040 ## - CATALOGING SOURCE | |
| Original cataloging agency | DLC |
| Language of cataloging | eng |
| Transcribing agency | DLC |
| Modifying agency | BAKER |
| -- | WY@ |
| -- | YDXCP |
| -- | OCLCO |
| -- | OCLCF |
| -- | CFT |
| -- | OCLCQ |
| -- | MXL |
| -- | OCLCO |
| -- | LBB |
| 049 ## - | |
| -- | LBBA |
| 050 00 - | |
| -- | BT767 |
| -- | .B83 |
| 082 04 - DEWEY DECIMAL CLASSIFICATION NUMBER | |
| Classification number | 248.4 |
| Item number | BRI |
| 090 ## - LOCALLY ASSIGNED LC-TYPE CALL NUMBER (OCLC); LOCAL CALL NUMBER (RLIN) | |
| Classification number (OCLC) (R) ; Classification number, CALL (RLIN) (NR) | BT767 |
| Local cutter number (OCLC) ; Book number/undivided call number, CALL (RLIN) | .B83 |
| 100 1# - MAIN ENTRY--PERSONAL NAME | |
| Personal name | Bridges, Jerry. |
| 9 (RLIN) | 7091 |
| 245 14 - TITLE STATEMENT | |
| Title | The pursuit of holiness / |
| Statement of responsibility, etc. | Jerry Bridges. |
| 260 ## - PUBLICATION, DISTRIBUTION, ETC. | |
| Place of publication, distribution, etc. | Colorado Springs : |
| Name of publisher, distributor, etc. | Navpress, |
| Date of publication, distribution, etc. | 1978. |
| 300 ## - PHYSICAL DESCRIPTION | |
| Extent | 158 pages ; |
| Dimensions | 18 cm. |
| 336 ## - CONTENT TYPE | |
| Content type term | text |
| Content type code | txt |
| Source | rdacontent |
| 337 ## - MEDIA TYPE | |
| Media type term | unmediated |
| Media type code | n |
| Source | rdamedia |
| 338 ## - CARRIER TYPE | |
| Carrier type term | volume |
| Carrier type code | nc |
| Source | rdacarrier |
| 490 1# - SERIES STATEMENT | |
| Series statement | A Navigator book |
| 504 ## - BIBLIOGRAPHY, ETC. NOTE | |
| Bibliography, etc. note | Includes bibliographical references. |
| 505 0# - FORMATTED CONTENTS NOTE | |
| Formatted contents note | Holiness is for you -- The holiness of God -- Holiness is not an option -- The holiness of Christ -- A change of kingdoms -- The battle for holiness -- Help in the daily battle -- Obedience -- not victory -- Putting sin to death -- The place of personal discipline -- Holiness in body -- Holiness in spirit -- Holiness and our wills -- Habits of holiness -- Holiness and faith -- Holiness in an unholy world -- The joy of holiness. |
| 650 #0 - SUBJECT ADDED ENTRY--TOPICAL TERM | |
| Topical term or geographic name entry element | Holiness. |
| 9 (RLIN) | 5204 |
| 650 #7 - SUBJECT ADDED ENTRY--TOPICAL TERM | |
| Topical term or geographic name entry element | Holiness. |
| Source of heading or term | fast |
| Authority record control number or standard number | (OCoLC)fst00958754 |
| 9 (RLIN) | 5204 |
| 830 #0 - | |
| -- | Navigator book. |
| -- | 7092 |
| 942 ## - ADDED ENTRY ELEMENTS (KOHA) | |
| Source of classification or shelving scheme | Dewey Decimal Classification |
| Koha item type | Books |
| Koha issues (borrowed), all copies | 7 |
| Withdrawn status | Lost status | Source of classification or shelving scheme | Damaged status | Not for loan | Home library | Current Library | Shelving location | Date acquired | Total checkouts | Total renewals | Full call number | Barcode | Date last seen | Date last checked out | Copy number | Price effective from | Koha item type |
|---|---|---|---|---|---|---|---|---|---|---|---|---|---|---|---|---|---|
| Dewey Decimal Classification | GRACE BIBLE COLLEGE | GRACE BIBLE COLLEGE | Ministry & Mission | 2017-11-29 | 4 | 1 | 248.4 BRI | 002298 | 2025-05-01 | 2018-10-04 | c.1 | 2017-11-29 | Books | ||||
| Dewey Decimal Classification | GRACE BIBLE COLLEGE | GRACE BIBLE COLLEGE | Ministry & Mission | 2017-11-29 | 1 | 1 | 248.4 BRI | 002300 | 2025-05-01 | 2018-08-24 | c.2 | 2017-11-29 | Books | ||||
| Dewey Decimal Classification | GRACE BIBLE COLLEGE | GRACE BIBLE COLLEGE | Ministry & Mission | 2017-11-29 | 2 | 2 | 248.4 BRI | 002306 | 2025-05-01 | 2018-08-20 | c.3 | 2017-11-29 | Books | ||||
| Dewey Decimal Classification | GRACE BIBLE COLLEGE | GRACE BIBLE COLLEGE | Ministry & Mission | 2018-02-23 | 248.4 BRI | 002326 | 2025-05-01 | c.4 | 2018-02-23 | Books |